100 Rappeurs français - Statistiques

Statistiques générales
  • Ce quiz a été pris 54 191 fois
    47 312 depuis la dernière actualisation
  • Le résultat moyen est 37 sur 143
Statistiques - réponses
Rappeurs % Correct
Jul
89%
Booba
87%
Ninho
87%
La F
80%
SCH
79%
Damso
78%
Kaaris
77%
PNL
77%
Niska
74%
PLK
69%
Gims
67%
Gazo
65%
Koba La D
65%
Nekfeu
65%
4Keus
59%
Naps
59%
SDM
57%
Hamza
56%
Zola
54%
Maes
49%
Orelsan
49%
Kalash
48%
Leto
48%
Freeze corleone
46%
Vald
46%
Lacrim
45%
Werenoi
45%
Alonzo
44%
Djadja&Dinaz
41%
La Fouine
41%
Josman
40%
Soso Maness
39%
Ziak
39%
Dinos
38%
IAM
38%
RK
38%
Sofiane
37%
Soprano
37%
Heuss l'Enfoiré
36%
Kalash Criminel
36%
Lomepal
36%
Rim'K
36%
Alpha Wann
35%
Favé
34%
NTM
34%
Gradur
33%
Niro
33%
Rohff
33%
Kerchak
31%
Gambi
30%
Laylow
30%
MHD
30%
Diam's
29%
Naza
29%
La fève
28%
Jok'Air
27%
13 Block
25%
Da Uzi
25%
ZKR
25%
Kofs
24%
Lorenzo
23%
Guy2bezbar
22%
Lefa
22%
Mister V
22%
Nepal
22%
Oboy
22%
Timal
22%
Luv Resval
21%
Menace Santana
21%
Mister You
20%
Moha La Squale
20%
Uzi
20%
L'Algérino
19%
Sadek
19%
Dosseh
18%
Hatik
18%
Hornet la frappe
18%
Keblack
18%
Larry
18%
Roméo Elvis
18%
Franglish
17%
Guizmo
17%
1PLIKE140
16%
Alkpote
15%
Ashe 22
15%
Bosh
15%
Mig
15%
Green Montana
14%
Kery James
14%
Landy
14%
Caballero & Jeanjass
13%
Medine
13%
Youssoupha
13%
Bolemvn
12%
Disiz
12%
Elams
12%
Fresh la douille
12%
ISK
12%
Kekra
12%
Rsko
12%
YL
12%
Sasso
11%
Brulux
10%
Hugo TSR
10%
Kodes
10%
Lino
10%
Niaks
10%
S.Pri Noir
10%
Benab
9%
Osirus Jack
9%
Bramsito
8%
Le rat luciano
8%
Seth Gueko
8%
Shotas
7%
Gambino La MG
6%
XVBarbar
6%
Mac Tyer
5%
Nahir
5%
Nemir
5%
Alpha 5.20
4%
CheuB
4%
Diddi trix
4%
Hayce Lemsi
4%
Tunisiano
4%
Zeu
4%
Zokush
4%
Youv Dee
3%
Zeguerre
3%
Brvmsoo
2%
Kepler
2%
Key Largo
2%
Madrane
2%
Norsacce
2%
Tisco
2%
Denzo
1%
Kamelancien
1%
Keusty
1%
Koffi Lossa
1%
Mapess
1%
Roi Heenok
1%
Zesau
1%
Gotti Maras
0%
Aucun quiz correspondant
Distribution des résultats
% des personnes avec chaque résultat
Percentile par nombre de réponses
Votre historique - résultats
Vous n’avez pas pris ce quiz depuis la dernière actualisation